Рабочий проект отраслевой системы ведения общесоюзных классификаторов технико-экономической информации (ОСВОК ТЭИ) ЦСУ СССР. Т. 1: Инструктивно-методические материалы по организации автоматизированного ведения ОКПО (Запись № 6580867)
[ простой вид ]
| 000 -МАРКЕР | |
|---|---|
| контрольное поле | 01616nam2a22002411 4500 |
| 001 - ИДЕНТИФИКАТОР ЗАПИСИ | |
| контрольное поле | rc\3560095 |
| 005 - ИДЕНТИФИКАТОР ВЕРСИИ | |
| контрольное поле | 20250610041901.0 |
| 035 ## - ДРУГИЕ СИСТЕМНЫЕ НОМЕРА | |
| Идентификатор записи | (NLR Aleph) 007685142 |
| 100 ## - ДАННЫЕ ОБЩЕЙ ОБРАБОТКИ | |
| Данные общей обработки | 20130115d1977 |||y0rusy50 ca |
| 101 0# - ЯЗЫК РЕСУРСА | |
| Язык текста, звукозаписи и т.д. | русский |
| 102 ## - СТРАНА ПУБЛИКАЦИИ ИЛИ ПРОИЗВОДСТВА | |
| Страна публикации | Российская Федерация |
| 105 ## - ПОЛЕ КОДИРОВАННЫХ ДАННЫХ: ТЕКСТОВЫЕ МАТЕРИАЛЫ, МОНОГРАФИЧЕСКИЕ | |
| Кодированные данные о монографическом текстовом документе | a z ||||| |
| 200 1# - ЗАГЛАВИЕ И СВЕДЕНИЯ ОБ ОТВЕТСТВЕННОСТИ | |
| Основное заглавие | Инструктивно-методические материалы по организации автоматизированного ведения ОКПО |
| Первые сведения об ответственности | ...ЦВЦ ЦСУ СССР |
| 210 ## - ПУБЛИКАЦИЯ, РАСПРОСТРАНЕНИЕ И ДР. | |
| Дата издания, распространения и т.д. | 1977 |
| Место издания, распространения и т.д. | Б. м. |
| 215 ## - ФИЗИЧЕСКАЯ ХАРАКТЕРИСТИКА | |
| Специфическое обозначение материала и объем | 114 с. |
| Другие сведения о физической характеристике | ил. |
| Размеры | 30 |
| 333 ## - ПРИМЕЧАНИЯ ОБ ОСОБЕННОСТЯХ РАСПРОСТРАНЕНИЯ И ИСПОЛЬЗОВАНИЯ | |
| Текст примечания | ДСП. Экз. № 5 |
| 461 #0 - УРОВЕНЬ НАБОРА | |
| Встроенное поле | 001rc\3560094 |
| -- | 2001#$aРабочий проект отраслевой системы ведения общесоюзных классификаторов технико-экономической информации (ОСВОК ТЭИ) ЦСУ СССР$eТ. 3-$fЦСУ СССР. НИИ по проектированию вычислит. центров и систем экон. информации (НИИ ЦСУ СССР)$vТ. 1 |
| Системный номер (АБИС) связанной записи | 6580858 |
| Место публикации | Москва |
| Дата публикации | 1976 |
| Первые сведения об ответственности | ЦСУ СССР. НИИ по проектированию вычислит. центров и систем экон. информации (НИИ ЦСУ СССР) |
| Имя издателя, распространителя и т.д. | Б. и. |
| Сведения, относящиеся к заглавию | Т. 3- |
| Заглавие | Рабочий проект отраслевой системы ведения общесоюзных классификаторов технико-экономической информации (ОСВОК ТЭИ) ЦСУ СССР |
| Номер тома | Т. 1 |
| 801 #0 - ИСТОЧНИК ЗАПИСИ | |
| Страна | Российская Федерация |
| Организация | NLR |
| Правила каталогизации | psbo |
| 801 #1 - ИСТОЧНИК ЗАПИСИ | |
| Страна | Российская Федерация |
| Организация | ELAR |
| Источник данных | rusmarc |
| 852 ## - МЕСТОНАХОЖДЕНИЕ И ШИФР ХРАНЕНИЯ | |
| Идентификатор организации | NLR |
| Шифр хранения (Call Number) | 77-50К/702 |
| 942 ## - ДОПОЛНИТЕЛЬНЫЕ ЭЛЕМЕНТЫ ЗАПИСИ (АБИС) | |
| Тип экземпляра АБИС | Книга |
| 980 ## - КОЛЛЕКЦИЯ | |
| Название коллекции | Национальная библиография |
| Тип экземпляра | Дата поступления | Библиотека постоянного хранения | Библиотека текущего хранения | Место хранения | Шифр хранения | Штрих-код | Статус экземпляра |
|---|---|---|---|---|---|---|---|
| Книга | 26.10.2013 | РНБ (Московский) | РНБ (Московский) | Фонд литературы для служебного пользования | 77-50К/702 | 7685142-10 |